01514cas a2200349 450000100090000000300060000900500170001500700030003200800410003501000310007602200170010703500240012403700100014804000830015804200140024105000150025511000690027021000310033922200400037024500410041026000680045130000220051931000380054132100290057936200160060844000540062450000650067850003280074365000270107165000410109870000250113910545037AUA.120130528153857.0t|850720c19639999miufr p 0 a0eng c a 74645601 zsc 76000812  a0003-298021 a(OCoLC)ocm01780045  b49104 aMnMULScMnMULSdMBTIdNSDPdDLCdOCoLCdAIPdNSDPdAIPdOCoLCdDLCdTNJdOCoLC ansdpapcc00aBR1b.A53a2 aAndrews University.bSeventh-Day Adventist Theological Seminary.0 aAndrews Univ. Semin. stud. 0aAndrews University Seminary studies10aAndrews University Seminary studies. aBerrien Springs, Mich.,bAndrews University Press.cAutumn 2002 bill.c23 cm.av.: a2 issues yearly,b aFrequency varies,b1963-0 aAutumn 2002 aAndrews University Seminary StudiesvVol.40, No.2 a"Journal of the Seventh-Day Adventist Theological Seminary." aGenesis matriarchs engage feminism; The role of Hagar in Genesis 16; The Destruction of trees in the Moabite; The receiver and giver of great gift; The garden of Eden account: The Chiastic structure of Genesis 2-3; A metaphor for societal transition; Ancient Egypt's silence About the exodus Is Heschel's sabbath biblical; 0aTheologyvPeriodicals. 0aTheological seminariesxPeriodicals. aJerry Moon eEditor